| 000 | 00324 a2200133 4500 | ||
|---|---|---|---|
| 082 | _a954.91 | ||
| 090 |
_c6704 _d6704 |
||
| 100 | _aMuhammad Aslam | ||
| 245 |
_aTehreek- e- Pakistan _cMuhammad Aslam |
||
| 260 |
_aLahore _bRahiz Brothers. _c2000. |
||
| 300 | _a480p. | ||
| 500 | _aPaper cover | ||
| 942 |
_aNBS _cBK _k954.91 ASL |
||
| 999 |
_c349055 _d349055 |
||